• AIU
  • Tony Wilmot Memorial Library

Stewardship in action / (Record no. 29828)

MARC details
000 -LEADER
fixed length control field 00436nam a22001691a 4500
003 - CONTROL NUMBER IDENTIFIER
control field NEGST
005 - DATE AND TIME OF LATEST TRANSACTION
control field 20110718130542.0
008 - FIXED-LENGTH DATA ELEMENTS--GENERAL INFORMATION
fixed length control field 030712s1994 001 0 eng d
020 ## - INTERNATIONAL STANDARD BOOK NUMBER
International Standard Book Number 9810060386
100 1# - MAIN ENTRY--PERSONAL NAME
Personal name Lee, Won Sul.
245 10 - TITLE STATEMENT
Title Stewardship in action /
Statement of responsibility, etc By Won Sul Lee.
260 ## - PUBLICATION, DISTRIBUTION, ETC. (IMPRINT)
Place of publication, distribution, etc Tanglin :
Name of publisher, distributor, etc H.C.A.L.S,
Date of publication, distribution, etc 1994.
300 ## - PHYSICAL DESCRIPTION
Extent viii, 86p.
590 ## - LOCAL NOTE (RLIN)
Local note Accession number: 24100
650 #0 - SUBJECT ADDED ENTRY--TOPICAL TERM
Topical term or geographic name as entry element Stewardship.
Holdings
Withdrawn status Lost status Source of classification or shelving scheme Damaged status Not for loan Collection code Home library Current library Shelving location Date acquired Cost, normal purchase price Total Checkouts Full call number Barcode Date last seen Date checked out Copy number Price effective from Koha item type
    Library of Congress Classification     General Circulation AIU/NEGST - Tony Wilmot Memorial Library AIU/NEGST - Tony Wilmot Memorial Library General Stacks 12/10/2009 20.00 1 BV 772.L44 1994 R04107K3232 07/18/2023 07/11/2023 1 12/10/2009 Books